All Things Florida - Statistics

General Stats
  • This quiz has been taken 19 times
  • The average score is 8 of 15
Answer Stats
Hint Answer % Correct
Mickey Mouse Theme Park? Disney World
89%
Most Populated City? Jacksonville
89%
Most Famous National Park? Everglades
83%
What Party is He? Republican
83%
University of Florida Animal? Gator
72%
Who Owned Florida? Spain
67%
Since When? 2019
56%
Biggest Lake? Okeechobee
56%
Governor? Ron DeSantis
50%
Capital? Tallahasee
50%
Surrounded By Two Oceans? Atlantic, Gulf of Mexico
28%
When Did It Become A State? 1821
11%
What Number State? 27th
11%
Biggest River? Chattahoochee
11%
A Big Cat Named After This Florida Panther
6%
No matching quizzes found
Score Distribution
Percent of People with Each Score
Percentile by Number Answered
Your Score History
You have not taken this quiz